000 00699cam a22001935a 4500
001 L155512
008 120327s1813 xxk f 000 0 eng d
035 _a(Sirsi) u155512
041 0 _aeng
100 1 _aRudge, Thomas
_b1754-1825
245 0 0 _aGeneral view of the agriculture of the county of Gloucester drawn up for the consideration of the Board of Agriculture and Internal Improvement
260 _aLondon
_bPrinted for Sherwood, Neely, and Jones
_c1813
300 _aviii, 408 p., [3] leaves of plates
_bill., map
_c23 cm.
583 _aCondition reviewed
_c20120620
_lcondition level 3
651 4 _aEngland
_y886-
690 _aRural
_96268
710 1 _aBoard of Agriculture
942 _n0
999 _c113623
_d113623